000 00297nam a22001337a 4500
008 170329b xxu||||| |||| 00| 0 eng d
020 _a9781582553498
041 _aeng
080 _24ED
_a616-053.2
100 _a8
101 _aSHM
245 _aPEDIATRIC NURSING
_cMUSCARI.M.E
942 _2udc
_cBK
999 _c8989
_d8989